000 00695nam a22001937a 4500
005 20251108171954.0
008 250721s1987 xx 000 0 ara d
082 1 4 _a956.09/عام
100 1 _aأبو جبله، عامر جاد الله
111 2 _aمؤتمر القمة العربي غير العادي من 8-11/11/1987 : عمان
245 1 0 _aمؤتمر القمة العربي غير العادي قمة الوفاق و الإتفاق في عمان من 8-11/11/1987 /
264 1 _aعمان :
_bالمؤلف،
_c1987.
300 _a141ص
650 1 7 _aالعرب
650 1 7 _aالتاريخ الحديث
650 1 7 _aالمؤتمرات
942 _2ddc
_cBK
999 _c67266
_d67266